[Event "Barcelona Sant Marti op-B 17th"]
[Site "Barcelona"]
[Date "2015.07.21"]
[Round "9"]
[White "Garcia Ruiz, Adrian"]
[Black "Willen, Ronny"]
[Result "0-1"]
[WhiteElo "2044"]
[BlackElo "1950"]
[PlyCount "70"]
[EventDate "2015.07.13"]
[EventType "swiss"]
[EventRounds "9"]
[EventCountry "ESP"]
[SourceTitle "EXT 2016"]
[Source "ChessBase"]
[SourceDate "2015.10.08"]
[SourceVersion "1"]
[SourceVersionDate "2015.10.08"]
[SourceQuality "1"]

1. d4 Nf6 2. c4 g6 3. Nc3 Bg7 4. e4 d6 5. Nf3 0-0 6. Be2 e5 7. 0-0 Nc6 8. d5 Ne7 9. Ne1 Nd7 10. Be3 f5 11. f3 f4 12. Bf2 g5 13. Nd3 Nf6 14. c5 Ng6 15. Rc1 Rf7 16. a4 Bf8 17. cxd6 cxd6 18. Nb5 a6 19. Na3 h5 20. Nc4 g4 21. Re1 g3 22. hxg3 fxg3 23. Bxg3 Rg7 24. Bf2 h4 25. Nb6 Nh5 26. Qd2 Ngf4 27. Nxf4 Nxf4 28. Bf1 Bh3 29. Kh1 Bxg2+ 30. Bxg2 Rxg2 31. Rg1 h3 32. Nxa8 Qg5 33. Qe3 Kh7 34. Rc7+ Bg7 35. Rgc1 Rh2+ 0-1

[Event "Barcelona Sant Marti op-B 17th"]
[Site "Barcelona"]
[Date "2015.07.15"]
[Round "3"]
[White "Pla Carulla, Joaquim"]
[Black "Willen, Ronny"]
[Result "1/2-1/2"]
[WhiteElo "2034"]
[BlackElo "1950"]
[PlyCount "26"]
[EventDate "2015.07.13"]
[EventType "swiss"]
[EventRounds "9"]
[EventCountry "ESP"]
[SourceTitle "EXT 2016"]
[Source "ChessBase"]
[SourceDate "2015.10.08"]
[SourceVersion "1"]
[SourceVersionDate "2015.10.08"]
[SourceQuality "1"]

1. d4 Nf6 2. Bf4 g6 3. Nf3 Bg7 4. c4 d6 5. Nc3 0-0 6. Qd2 c5 7. d5 Qa5 8. e4 a6 9. Bd3 b5 10. 0-0 bxc4 11. Bxc4 Qb4 12. Bd3 Nbd7 13. a3 Qb3 1/2-1/2

[Event "Maastricht Limburg op-B 9th"]
[Site "Maastricht"]
[Date "2015.05.23"]
[Round "2"]
[White "Willen, Ronny"]
[Black "Dardha, Daniel"]
[Result "1-0"]
[WhiteElo "1873"]
[BlackElo "1874"]
[PlyCount "85"]
[EventDate "2015.05.22"]
[EventType "swiss"]
[EventRounds "7"]
[EventCountry "NED"]
[SourceTitle "EXT 2016"]
[Source "ChessBase"]
[SourceDate "2015.10.08"]
[SourceVersion "1"]
[SourceVersionDate "2015.10.08"]
[SourceQuality "1"]

1. e4 c5 2. Nf3 Nc6 3. d4 cxd4 4. Nxd4 e5 5. Nb5 d6 6. N1c3 a6 7. Na3 b5 8. Nd5 Nf6 9. Bg5 Be7 10. Nxe7 Nxe7 11. Bd3 d5 12. exd5 Qxd5 13. Bf1 Qe6 14. c4 b4 15. Nc2 Ne4 16. Be3 a5 17. Be2 Bb7 18. 0-0 Rd8 19. Qc1 Qg6 20. f3 Nf6 21. Bb6 Ra8 22. Rd1 Nh5 23. Be3 Nf5 24. Qd2 0-0 25. Bd3 Rad8 26. Bxf5 Qxf5 27. Qxd8 Qxc2 28. Bc5 h6 29. Qxf8+ Kh7 30. Rac1 Qg6 31. Qd6 f6 32. Qd3 e4 33. Qc2 f5 34. Rd6 Qg5 35. Qd2 f4 36. Rd5 Qg6 37. fxe4 Nf6 38. Qxf4 Nxd5 39. cxd5 Bc8 40. Bd4 Bh3 41. g3 Qh5 42. Qe5 Qg4 43. Qf5+ 1-0

[Event "BEL-ch op"]
[Site "Antwerp"]
[Date "2013.07.12"]
[Round "7"]
[White "Willen, Ronny"]
[Black "Engelaer, Maurice"]
[Result "0-1"]
[WhiteElo "1862"]
[BlackElo "1982"]
[PlyCount "52"]
[EventDate "2013.07.06"]
[EventType "swiss"]
[EventRounds "9"]
[EventCountry "BEL"]
[SourceTitle "CBM 155 Extra"]
[Source "ChessBase"]
[SourceDate "2013.08.26"]
[SourceVersion "1"]
[SourceVersionDate "2013.08.26"]
[SourceQuality "1"]

1. e4 Nf6 2. Nc3 e5 3. f4 d5 4. fxe5 Nxe4 5. d3 Nxc3 6. bxc3 Be7 7. d4 0-0 8. Bd3 c5 9. Nf3 Nc6 10. 0-0 f6 11. Bf4 c4 12. Be2 b5 13. Qd2 Bf5 14. Rfb1 Rb8 15. exf6 Bxf6 16. Bxb8 Qxb8 17. a4 a6 18. axb5 axb5 19. Ra6 Qb7 20. Rba1 Be4 21. Qc1 b4 22. Qb2 Qd7 23. cxb4 Bxf3 24. Rxc6 Bxe2 25. Rca6 c3 26. Qxc3 Bxa6 0-1

[Event "Maastricht Limburg op-B 6th"]
[Site "Maastricht"]
[Date "2012.05.26"]
[Round "3"]
[White "Yue, Tim"]
[Black "Willen, Ronny"]
[Result "1-0"]
[WhiteElo "1931"]
[BlackElo "1876"]
[PlyCount "59"]
[EventDate "2012.05.25"]
[EventType "swiss"]
[EventRounds "7"]
[EventCountry "NED"]
[SourceTitle "EXT 2013"]
[Source "ChessBase"]
[SourceDate "2012.11.22"]
[SourceVersion "1"]
[SourceVersionDate "2012.11.22"]
[SourceQuality "1"]

1. e4 c5 2. Nf3 d6 3. d4 cxd4 4. Nxd4 Nf6 5. Nc3 g6 6. Be3 Bg7 7. f3 0-0 8. Bc4 Nc6 9. Qd2 Bd7 10. 0-0-0 Rb8 11. h4 Na5 12. Bb3 b5 13. Bh6 Nxb3+ 14. cxb3 Qa5 15. Bxg7 Kxg7 16. Kb1 b4 17. Nce2 e5 18. Nf5+ Bxf5 19. exf5 Rb6 20. a4 h5 21. g4 Rh8 22. gxh5 e4 23. hxg6 fxg6 24. fxg6 Rh5 25. Nf4 Re5 26. fxe4 Rxe4 27. h5 Qf5 28. h6+ Kh8 29. g7+ Kh7 30. Nd3 1-0

[Event "Charleroi op"]
[Site "Charleroi"]
[Date "2011.08.05"]
[Round "8"]
[White "Bikady, Claude"]
[Black "Willen, Ronny"]
[Result "0-1"]
[WhiteElo "1995"]
[BlackElo "1842"]
[PlyCount "52"]
[EventDate "2011.07.30"]
[EventType "swiss"]
[EventRounds "9"]
[EventCountry "BEL"]
[SourceTitle "EXT 2012"]
[Source "ChessBase"]
[SourceDate "2011.11.24"]
[SourceVersion "1"]
[SourceVersionDate "2011.11.24"]
[SourceQuality "1"]

1. e4 c5 2. Nf3 d6 3. d4 cxd4 4. Nxd4 Nf6 5. Nc3 g6 6. Be3 Bg7 7. f3 0-0 8. Bc4 Nc6 9. Qd2 Bd7 10. 0-0-0 Ne5 11. Bb3 Qa5 12. h4 Rfc8 13. g4 Nc4 14. Bxc4 Rxc4 15. h5 Rac8 16. hxg6 Rxc3 17. gxf7+ Kxf7 18. bxc3 Qxa2 19. Nb3 Be6 20. g5 Nxe4 21. fxe4 Bxb3 22. Qf2+ Ke8 23. Bd4 Bxd4 24. Rxd4 Qa1+ 25. Kd2 Qxc3+ 26. Ke2 Bc4+ 0-1

[Event "Charleroi op"]
[Site "Charleroi"]
[Date "2011.08.04"]
[Round "7"]
[White "Willen, Ronny"]
[Black "Schuermans, Robert"]
[Result "0-1"]
[WhiteElo "1842"]
[BlackElo "2143"]
[PlyCount "70"]
[EventDate "2011.07.30"]
[EventType "swiss"]
[EventRounds "9"]
[EventCountry "BEL"]
[SourceTitle "EXT 2012"]
[Source "ChessBase"]
[SourceDate "2011.11.24"]
[SourceVersion "1"]
[SourceVersionDate "2011.11.24"]
[SourceQuality "1"]

1. d4 d5 2. c4 Nc6 3. Nc3 dxc4 4. Nf3 Nf6 5. e4 Bg4 6. Be3 e6 7. Bxc4 Bb4 8. Qc2 0-0 9. Rd1 Ne7 10. 0-0 Bxc3 11. bxc3 Ng6 12. Be2 Qe7 13. h3 Bxf3 14. Bxf3 e5 15. d5 Rfc8 16. Qd3 c5 17. c4 Qd6 18. Rb1 Rc7 19. Rb3 Ne8 20. Rfb1 Qe7 21. g3 Nd6 22. Bg2 Nf8 23. a4 Nd7 24. a5 b5 25. axb6 axb6 26. Qc2 Ra4 27. Bf1 Rca7 28. R3b2 Qd8 29. f4 f6 30. fxe5 fxe5 31. h4 Qf6 32. Bg5 Qf3 33. Bg2 Qxg3 34. Rb3 Qg4 35. Rc3 Ra2 0-1

[Event "Maastricht Limburg op-B 4th"]
[Site "Maastricht"]
[Date "2010.05.23"]
[Round "4"]
[White "Roufs, Gerard"]
[Black "Willen, Ronny"]
[Result "1-0"]
[WhiteElo "1984"]
[BlackElo "1899"]
[PlyCount "90"]
[EventDate "2010.05.21"]
[EventType "swiss"]
[EventRounds "7"]
[EventCountry "NED"]
[SourceTitle "EXT 2011"]
[Source "ChessBase"]
[SourceDate "2010.11.26"]
[SourceVersion "1"]
[SourceVersionDate "2010.11.26"]
[SourceQuality "1"]

1. d4 Nf6 2. Nf3 g6 3. Bf4 Bg7 4. Nc3 d6 5. e4 0-0 6. Qd2 Re8 7. 0-0-0 c6 8. Bh6 Bh8 9. Bd3 Qa5 10. Kb1 Nbd7 11. h4 b5 12. h5 b4 13. Ne2 Nxh5 14. e5 Ng7 15. Bf4 dxe5 16. Nxe5 Nxe5 17. Bxe5 f6 18. Bc4+ Be6 19. Bxe6+ Nxe6 20. Qh6 Nf8 21. Bf4 Bg7 22. Qh2 Rac8 23. Bh6 Qf5 24. Bxg7 Kxg7 25. Nf4 e5 26. dxe5 Rxe5 27. Qh6+ Kg8 28. f3 Qg5 29. Qh2 a5 30. Nd3 Re2 31. Nf4 Re7 32. Rhe1 Rce8 33. Rxe7 Rxe7 34. g4 Qe5 35. Qd2 Rd7 36. Nd3 Qd5 37. Qe2 Qe6 38. Qf1 Qd5 39. Nf2 Qe5 40. Nd3 Qe7 41. Re1 Qd6 42. Rd1 c5 43. Nf2 Qc6 44. Ne4 Rxd1+ 45. Qxd1 Qd7 1-0

[Event "Roux CREC op"]
[Site "Roux"]
[Date "2009.08.01"]
[Round "9"]
[White "Willen, Ronny"]
[Black "Hulpia, Fabian"]
[Result "1/2-1/2"]
[WhiteElo "1897"]
[BlackElo "2028"]
[PlyCount "32"]
[EventDate "2009.07.25"]
[EventType "swiss"]
[EventRounds "9"]
[EventCountry "BEL"]
[SourceTitle "EXT 2010"]
[Source "ChessBase"]
[SourceDate "2010.11.25"]
[SourceVersion "1"]
[SourceVersionDate "2010.11.25"]
[SourceQuality "1"]

1. e4 e5 2. Nf3 Nc6 3. Bb5 a6 4. Bxc6 dxc6 5. 0-0 Bg4 6. h3 Bxf3 7. Qxf3 Qf6 8. Qxf6 Nxf6 9. d3 0-0-0 10. Nd2 h6 11. Rb1 c5 12. a3 g5 13. Nc4 Re8 14. Na5 Bg7 15. b4 cxb4 16. axb4 c6 1/2-1/2

[Event "Roux CREC op"]
[Site "Roux"]
[Date "2009.07.27"]
[Round "4"]
[White "Baudoin, Olivier"]
[Black "Willen, Ronny"]
[Result "1/2-1/2"]
[WhiteElo "1681"]
[BlackElo "1897"]
[PlyCount "69"]
[EventDate "2009.07.25"]
[EventType "swiss"]
[EventRounds "9"]
[EventCountry "BEL"]
[SourceTitle "EXT 2010"]
[Source "ChessBase"]
[SourceDate "2010.11.25"]
[SourceVersion "1"]
[SourceVersionDate "2010.11.25"]
[SourceQuality "1"]

1. d4 Nf6 2. Nc3 d5 3. e4 dxe4 4. f3 exf3 5. Nxf3 Nbd7 6. Bf4 c6 7. Bd3 g6 8. Qd2 Bg7 9. Bh6 0-0 10. Bxg7 Kxg7 11. 0-0-0 Qa5 12. Rde1 e6 13. Qf2 Nd5 14. Nxd5 exd5 15. Re7 Qb4 16. Rhe1 Qd6 17. Ng5 Qf6 18. Ne6+ Kg8 19. Qxf6 Nxf6 20. Nxf8 Kxf8 21. c4 Rb8 22. cxd5 cxd5 23. Kb1 Be6 24. Rc7 Ne8 25. Rc3 Nd6 26. Re5 Ke7 27. Rc5 Kf6 28. Kc2 a6 29. Kd2 h5 30. Rc1 Rd8 31. Rf1+ Kg7 32. b3 Rc8 33. h3 Rc7 34. h4 Nc8 35. b4 1/2-1/2

[Event "Roux CREC op"]
[Site "Roux"]
[Date "2009.07.27"]
[Round "3"]
[White "Willen, Ronny"]
[Black "Goossens, Roel"]
[Result "0-1"]
[WhiteElo "1897"]
[BlackElo "2036"]
[PlyCount "58"]
[EventDate "2009.07.25"]
[EventType "swiss"]
[EventRounds "9"]
[EventCountry "BEL"]
[SourceTitle "EXT 2010"]
[Source "ChessBase"]
[SourceDate "2010.11.25"]
[SourceVersion "1"]
[SourceVersionDate "2010.11.25"]
[SourceQuality "1"]

1. e4 c5 2. Nc3 a6 3. a4 e6 4. g3 d5 5. exd5 exd5 6. Bg2 Nf6 7. Nge2 d4 8. Ne4 Nxe4 9. Bxe4 Nd7 10. d3 Nf6 11. Bg2 Bd6 12. 0-0 0-0 13. Bf4 Rb8 14. Qd2 Bg4 15. Bxd6 Qxd6 16. h3 Bd7 17. Rae1 Bxa4 18. b3 Bc6 19. Nf4 Rfe8 20. Re2 Rxe2 21. Qxe2 Re8 22. Qd2 Bxg2 23. Kxg2 Nd5 24. Re1 Rxe1 25. Qxe1 Nxf4+ 26. gxf4 Qg6+ 27. Kf3 Qe6 28. Qe4 Qxh3+ 29. Ke2 Qe6 0-1